000 00595nam a2200217Ia 4500
003 OSt
005 20220526043503.0
008 151021s9999 xx 000 0 und d
020 _a788170249009
040 _aMMU
_beng
_cMMU
_dMMU
050 _aZ 665 .K77 2010
100 _aKochar R.S
_9187
245 _aTheories and Principles of Librarianship /
_cR.S Kochar.
260 _aNew Delhi :
_bAPH Publishing,
_c2010 .
300 _avi, 349 p. :
500 _aIncludes index
500 _aIncludes index
650 _aLibrarianship
700 _aSudarshan, K.N.
942 _2lcc
_cLOAN LOAN
999 _c14621
_d14621